| 000 | 00618nam a2200181Ia 4500 | ||
|---|---|---|---|
| 008 | 090123s9999 xx 000 0 und d | ||
| 082 |
_b13540 _a891.463/कविश्वर |
||
| 100 | _aकविश्वर छबुताई | ||
| 245 | _aसारचं जगावेगळं | ||
| 250 | _a1 | ||
| 260 | _bसुरस ग्रंथमाला | ||
| 300 | _a88 | ||
| 600 | _aकविश्वर छबुताई | ||
| 630 | _aसारचं जगावेगळं | ||
| 700 | _aकविश्वर छबुताई | ||
| 730 | _aसारचं जगावेगळं | ||
| 942 | _cBOOK | ||
| 999 |
_c51603 _d51603 |
||